000 01229nam a2200325 a 4500
001 000112514
003 CHAP
005 20220329144310.0
008 160608s2016 mx sm |||||||spa d
010 _a108975
011 _a109947
040 _cCHAP
090 _aTesis
100 1 _aBautista Bautista, Leticia
_9130855
245 1 0 _aConservación de frutos de tuna roja (Opuntia ficus-indica) mediante recubrimientos de biopoliméricos de goma arábiga y cera de candelilla
_h[En línea]
_cpor Leticia Bautista Bautista.
260 _aChapingo, Méx. :
_bEl autor,
_c2016.
500 _aPara ver el contenido del material haga clic en la liga
502 _aTesis (Ing. Agroindustrial ) -- UACH. Departamento de Ingeniería Agroindustrial
590 _aBATCH
_b00
_c20181121
_lUCH01
_h0758
590 _aE5765TAJ
_b05
_c20160608
_lUCH01
_h0946
590 _aE5765TAJ
_b05
_c20160608
_lUCH01
_h0947
650 1 4 _aBiopolímeros
_xAplicaciones industriales.
_9130856
650 1 4 _aTuna
_xAlmacenamiento.
_9115545
650 1 4 _aTuna
_xTecnología postcosecha.
_9115566
856 _a1
_n0000828
856 _aFinding aid
_uhttp://10.13.5.2/tesis/sist112514.pdf
_zTeclea aquí
901 _aBK
942 _cTESIS
942 _n0
999 _c108975
_d108975